The Statesman's yearbook (Record no. 552346)
[ view plain ]
| 000 -LEADER | |
|---|---|
| fixed length control field | 00453nam a2200169Ia 4500 |
| 020 ## - INTERNATIONAL STANDARD BOOK NUMBER | |
| International Standard Book Number | 0333733355(pbk) |
| 082 ## - DEWEY DECIMAL CLASSIFICATION NUMBER | |
| Classification number | 050 |
| Author Mark | STA |
| 100 ## - MAIN ENTRY--PERSONAL NAME | |
| Personal name | Keltie, Sir John Scott. |
| 9 (RLIN) | 49567 |
| 245 ## - TITLE STATEMENT | |
| Title | The Statesman's yearbook |
| 260 ## - PUBLICATION, DISTRIBUTION, ETC. | |
| Place of publication, distribution, etc. | Houndmills |
| Name of publisher, distributor, etc. | Macmillan |
| Date of publication, distribution, etc. | 1925 ? |
| 300 ## - PHYSICAL DESCRIPTION | |
| Extent | 1531 p.: |
| 526 ## - STUDY PROGRAM INFORMATION NOTE | |
| Program name | 0 |
| Interest level | 0 |
| Reading level | 0 |
| Title point value | 050_000000000000000_STA |
| 650 ## - SUBJECT ADDED ENTRY--TOPICAL TERM | |
| Topical term or geographic name entry element | MCE |
| 9 (RLIN) | 379 |
| 650 ## - SUBJECT ADDED ENTRY--TOPICAL TERM | |
| Topical term or geographic name entry element | Social Conditions -- Serials |
| 9 (RLIN) | 49568 |
| 700 ## - ADDED ENTRY--PERSONAL NAME | |
| Personal name | Turner- Barry |
| 942 ## - ADDED ENTRY ELEMENTS (KOHA) | |
| Source of classification or shelving scheme | |
| Koha item type | Book |
| Withdrawn status | Lost status | Source of classification or shelving scheme | Damaged status | Not for loan | Permanent Location | Current Location | Shelving location | Date acquired | Total Checkouts | Full call number | Barcode | Date last seen | Price effective from | Koha item type |
|---|---|---|---|---|---|---|---|---|---|---|---|---|---|---|
| Military College of Engineering (MCE) | Military College of Engineering (MCE) | 01/14/2015 | 050 STA | MCE-050 | 05/02/2018 | 01/14/2015 | Book |
